000 00331nam a2200133Ia 4500
005 20251222141857.0
008 251222s9999||||xx |||||||||||||| ||spa||
082 _a363.7/A59
100 _aAndaluz, Carlos
245 0 _aCódigo del Medio Ambiente y los Recursos Naturales:
250 _a2a.ed.
264 _bProterra
942 _cLIB
999 _c7938
_d7938